| 000 | 00547pab a2200193 454500 | ||
|---|---|---|---|
| 008 | 180718b2011 xxu||||| |||| 00| 0 eng d | ||
| 100 | _aLipsey, David | ||
| 245 | _aA very peculiar revolution: Britain's politics and constitution, 1970-2011 | ||
| 260 | _c2011 | ||
| 300 | _ap.341-354. | ||
| 362 | _aJul-Sep | ||
| 650 | _aConstitutions | ||
| 650 | _aGreat Britain - Constitution | ||
| 650 | _aGreat Britain - Politics and government | ||
| 650 | _aPolitics and government | ||
| 773 | _aPolitical Quarterly | ||
| 908 | _aN | ||
| 909 | _a93473 | ||
| 999 |
_c93473 _d93473 |
||